[Event "Orlova op-A 12th"]
[Site "Orlova"]
[Date "2015.05.31"]
[Round "9"]
[White "Geffert, Michal"]
[Black "Adamcik, Bohdan"]
[Result "1/2-1/2"]
[WhiteElo "1950"]
[BlackElo "1710"]
[PlyCount "48"]
[EventDate "2015.05.24"]
[EventType "swiss"]
[EventRounds "9"]
[EventCountry "CZE"]
[SourceTitle "CBM 166 Extra"]
[Source "ChessBase"]
[SourceDate "2015.06.18"]
[SourceVersion "1"]
[SourceVersionDate "2015.06.18"]
[SourceQuality "1"]

1. e4 c6 2. Nc3 d5 3. Nf3 dxe4 4. Nxe4 Bf5 5. Ng3 Bg4 6. h3 Bxf3 7. Qxf3 Nf6 8. Qb3 Qd7 9. d4 e6 10. Bd3 Be7 11. c3 0-0 12. Qc2 Qc7 13. 0-0 Nbd7 14. Re1 c5 15. Qe2 cxd4 16. cxd4 Rfe8 17. Bd2 Bd6 18. Ne4 Nxe4 19. Qxe4 Nf6 20. Qf3 a6 21. Bg5 Be7 22. h4 Nd5 23. Bxe7 Rxe7 24. Be4 Nf6 1/2-1/2

[Event "Orlova op-A 12th"]
[Site "Orlova"]
[Date "2015.05.28"]
[Round "5"]
[White "Matejka, Frantisek"]
[Black "Geffert, Michal"]
[Result "0-1"]
[WhiteElo "1640"]
[BlackElo "1950"]
[PlyCount "91"]
[EventDate "2015.05.24"]
[EventType "swiss"]
[EventRounds "9"]
[EventCountry "CZE"]
[SourceTitle "CBM 166 Extra"]
[Source "ChessBase"]
[SourceDate "2015.06.18"]
[SourceVersion "1"]
[SourceVersionDate "2015.06.18"]
[SourceQuality "1"]

1. e4 e6 2. d4 d5 3. exd5 exd5 4. c4 Nf6 5. Nc3 c6 6. Bf4 Be6 7. Qb3 b6 8. cxd5 Nxd5 9. Bxb8 Rxb8 10. Qa4 Qd7 11. Nf3 f6 12. Bd3 b5 13. Qd1 Nf4 14. d5 Bxd5 15. Nxd5 Qxd5 16. Be2 Bb4+ 17. Kf1 Rd8 18. Qxd5 Rxd5 19. a3 Ba5 20. b4 Bb6 21. a4 Nxe2 22. Kxe2 Kd7 23. Rhe1 Re8+ 24. Kf1 Rxe1+ 25. Kxe1 bxa4 26. Ke2 a5 27. Rxa4 axb4 28. Rxb4 Rb5 29. Rh4 Rb2+ 30. Nd2 Ba5 31. Rd4+ Kc7 32. Kd1 Bxd2 33. Rxd2 Rxd2+ 34. Kxd2 Kd6 35. f4 Kd5 36. Kd3 f5 37. h3 h5 38. g4 hxg4 39. h4 c5 40. h5 c4+ 41. Ke3 c3 42. Kf2 c2 43. h6 gxh6 44. Kg3 c1Q 45. Kg2 Ke4 46. Kg3 0-1

[Event "Orlova op-A 12th"]
[Site "Orlova"]
[Date "2015.05.25"]
[Round "2"]
[White "Sulkowski, Dawid"]
[Black "Geffert, Michal"]
[Result "1/2-1/2"]
[WhiteElo "1238"]
[BlackElo "1950"]
[PlyCount "52"]
[EventDate "2015.05.24"]
[EventType "swiss"]
[EventRounds "9"]
[EventCountry "CZE"]
[SourceTitle "CBM 166 Extra"]
[Source "ChessBase"]
[SourceDate "2015.06.18"]
[SourceVersion "1"]
[SourceVersionDate "2015.06.18"]
[SourceQuality "1"]

1. e4 e6 2. d4 d5 3. Nc3 Bb4 4. e5 c5 5. Nf3 Ne7 6. a3 Bxc3+ 7. bxc3 b6 8. Bb5+ Bd7 9. Bxd7+ Qxd7 10. 0-0 Qa4 11. Be3 c4 12. Ne1 Nbc6 13. f4 Qa5 14. Bd2 b5 15. Nf3 g6 16. Qe1 Qd8 17. Qh4 Nf5 18. Qf2 h5 19. Ng5 Qe7 20. Rfb1 a6 21. Re1 Kd7 22. Red1 Kc7 23. Re1 a5 24. Reb1 Rhb8 25. Qe2 Ra7 26. Kf1 Rab7 1/2-1/2

[Event "Orlova op-A 12th"]
[Site "Orlova"]
[Date "2015.05.24"]
[Round "1"]
[White "Geffert, Michal"]
[Black "Pekarek, Ales"]
[Result "0-1"]
[WhiteElo "1950"]
[BlackElo "1420"]
[PlyCount "92"]
[EventDate "2015.05.24"]
[EventType "swiss"]
[EventRounds "9"]
[EventCountry "CZE"]
[SourceTitle "CBM 166 Extra"]
[Source "ChessBase"]
[SourceDate "2015.06.18"]
[SourceVersion "1"]
[SourceVersionDate "2015.06.18"]
[SourceQuality "1"]

1. e4 e5 2. Nf3 Nc6 3. Bb5 a6 4. Ba4 Bc5 5. c3 b5 6. Bc2 d6 7. 0-0 Bg4 8. d3 b4 9. Nbd2 Nge7 10. h3 Bh5 11. Re1 0-0 12. Nf1 d5 13. Ng3 Bxf3 14. Qxf3 d4 15. c4 Ng6 16. Nf5 Kh8 17. Qg4 Be7 18. g3 Bf6 19. Ba4 Nce7 20. f4 exf4 21. gxf4 Nxf5 22. Qxf5 Bh4 23. Rf1 Qd6 24. Qg4 Qf6 25. e5 Qd8 26. Bc6 Rb8 27. Be4 Rb6 28. Kh1 Be7 29. Rg1 Rg8 30. Bd2 Qc8 31. Qh5 Nf8 32. Qf3 Rh6 33. f5 g5 34. Rg4 Nd7 35. Qg3 c6 36. Bxg5 Bxg5 37. Rxg5 Rxh3+ 38. Qxh3 Rxg5 39. e6 Nf6 40. exf7 Rh5 41. Qxh5 Nxh5 42. Rg1 Nf6 43. Rg3 Qf8 44. Kg2 Qxf7 45. Bxc6 Qh5 46. Rf3 Qg5+ 0-1

[Event "Karvina op"]
[Site "Karvina"]
[Date "2013.07.06"]
[Round "8"]
[White "Richterova, Natasa"]
[Black "Geffert, Michal"]
[Result "1/2-1/2"]
[WhiteElo "2050"]
[BlackElo "1941"]
[PlyCount "71"]
[EventDate "2013.06.29"]
[EventType "swiss"]
[EventRounds "9"]
[EventCountry "CZE"]
[SourceTitle "CBM 155 Extra"]
[Source "ChessBase"]
[SourceDate "2013.08.26"]
[SourceVersion "1"]
[SourceVersionDate "2013.08.26"]
[SourceQuality "1"]

1. e4 e6 2. d4 d5 3. Nd2 Nf6 4. e5 Nfd7 5. Bd3 c5 6. c3 Nc6 7. Ne2 cxd4 8. cxd4 f6 9. exf6 Nxf6 10. Nf3 Bd6 11. Bf4 Bxf4 12. Nxf4 0-0 13. 0-0 Qd6 14. Ne2 Bd7 15. Rc1 Rae8 16. Ng3 Kh8 17. Bb5 Ne4 18. Bxc6 Bxc6 19. a3 Qf4 20. a4 Qg4 21. b4 a6 22. Qb3 Nd6 23. Rfd1 Qf4 24. Rc2 Nc4 25. b5 axb5 26. axb5 Bd7 27. Nf1 Qg4 28. Re2 Kg8 29. Kh1 Re7 30. Rde1 Ref7 31. N1d2 Rf5 32. Nxc4 dxc4 33. Qxc4 Rxf3 34. gxf3 Qxf3+ 35. Kg1 Qg4+ 36. Kh1 1/2-1/2

[Event "CZE-chT2F 1112"]
[Site "Czech Republic"]
[Date "2012.02.19"]
[Round "8.15"]
[White "Geffert, Michal"]
[Black "Vermirovsky, Vlastimil"]
[Result "1/2-1/2"]
[WhiteElo "1948"]
[BlackElo "1994"]
[PlyCount "27"]
[EventDate "2011.10.09"]
[EventType "team-tourn"]
[EventRounds "11"]
[EventCountry "CZE"]
[SourceTitle "EXT 2013"]
[Source "ChessBase"]
[SourceDate "2012.11.22"]
[SourceVersion "1"]
[SourceVersionDate "2012.11.22"]
[SourceQuality "1"]
[WhiteTeam "Havirov II"]
[BlackTeam "Koprivnice Tatra"]
[WhiteTeamCountry "CZE"]
[BlackTeamCountry "CZE"]

1. e4 c5 2. Nf3 d6 3. d4 cxd4 4. Nxd4 Nf6 5. Nc3 Nc6 6. Bg5 e6 7. Qd2 a6 8. Be2 Be7 9. 0-0-0 0-0 10. Bxf6 Bxf6 11. Nxc6 bxc6 12. Qxd6 Qb6 13. Na4 Qxf2 14. Bf3 1/2-1/2

[Event "CZE-chT2F 1112"]
[Site "Czech Republic"]
[Date "2011.10.09"]
[Round "1.6"]
[White "Geffert, Michal"]
[Black "Mohyla, Tomas"]
[Result "1-0"]
[WhiteElo "1948"]
[BlackElo "2124"]
[PlyCount "107"]
[EventDate "2011.10.09"]
[EventType "team-tourn"]
[EventRounds "11"]
[EventCountry "CZE"]
[SourceTitle "EXT 2013"]
[Source "ChessBase"]
[SourceDate "2012.11.22"]
[SourceVersion "1"]
[SourceVersionDate "2012.11.22"]
[SourceQuality "1"]
[WhiteTeam "Havirov II"]
[BlackTeam "Havirov"]
[WhiteTeamCountry "CZE"]
[BlackTeamCountry "CZE"]

1. e4 d5 2. exd5 Qxd5 3. Nc3 Qa5 4. Nf3 Nf6 5. d4 Bg4 6. Be2 Nc6 7. h3 Bf5 8. Bd2 0-0-0 9. Nb5 Nb4 10. a3 Nxc2+ 11. Qxc2 Qxb5 12. Qc3 Qd5 13. Rc1 c6 14. Ne5 Ne4 15. Qb4 e6 16. Nxc6 Bxb4 17. Nxb4+ Qc5 18. Rxc5+ Nxc5 19. dxc5 Bb1 20. c6 e5 21. Be3 b6 22. 0-0 Bg6 23. Rc1 f5 24. c7 Rdf8 25. Ba6+ Kd7 26. c8Q+ Rxc8 27. Rxc8 Rxc8 28. Bxc8+ Kxc8 29. Nc6 Kc7 30. Nxe5 Be8 31. Kf1 Kd6 32. Nf3 Kd5 33. Ke2 h6 34. Nd2 g5 35. f4 gxf4 36. Bxf4 h5 37. Kf3 Bc6 38. g3 b5 39. Bh6 a5 40. Bg7 Bd7 41. Kf4 Ke6 42. Kg5 Be8 43. Nf3 Kd5 44. Nd4 Ke4 45. Nxf5 Bd7 46. Nd6+ Kf3 47. Be5 Bxh3 48. Kxh5 Bd7 49. Kh4 Ke3 50. g4 Kd3 51. g5 Kc2 52. g6 Kb3 53. g7 Be6 54. Nxb5 1-0

[Event "CZE-chT2F 1011"]
[Site "Czech Republic"]
[Date "2011.04.10"]
[Round "11.6"]
[White "Geffert, Michal"]
[Black "Potomak, Vladimir"]
[Result "1/2-1/2"]
[WhiteElo "1931"]
[BlackElo "2232"]
[PlyCount "86"]
[EventDate "2010.10.17"]
[EventType "team-tourn"]
[EventRounds "11"]
[EventCountry "CZE"]
[SourceTitle "EXT 2012"]
[Source "ChessBase"]
[SourceDate "2011.11.24"]
[SourceVersion "1"]
[SourceVersionDate "2011.11.24"]
[SourceQuality "1"]
[WhiteTeam "Senov"]
[BlackTeam "Poruba VOKD"]
[WhiteTeamCountry "CZE"]
[BlackTeamCountry "CZE"]

1. c4 Nf6 2. d4 e6 3. Nf3 Bb4+ 4. Bd2 Qe7 5. g3 b6 6. Bg2 Bb7 7. 0-0 Bxd2 8. Nbxd2 0-0 9. Qc2 d6 10. e4 e5 11. d5 Nbd7 12. a3 a5 13. b4 Ra7 14. Rfc1 Rfa8 15. Qb2 axb4 16. axb4 Qd8 17. Ne1 Qb8 18. Nd3 Bc8 19. Nb3 Ra4 20. f3 R8a7 21. Bf1 g6 22. Rxa4 Rxa4 23. Rc3 Qa7 24. Qc1 Ra3 25. Qd2 Qa4 26. Nbc1 Ba6 27. Qb2 Rxc3 28. Qxc3 c5 29. dxc6 Qxc6 30. Nb2 Bb7 31. Qd2 Kg7 32. Na2 Nf8 33. Nc3 Ne6 34. Nb5 Ne8 35. Nd1 Ba6 36. Ndc3 Bxb5 37. Nxb5 N6c7 38. Na3 Ne6 39. Nc2 f6 40. Qd3 N8c7 41. Kf2 Kf7 42. h4 Ke7 43. Bh3 Qa4 1/2-1/2

[Event "CZE-chT2F 1011"]
[Site "Czech Republic"]
[Date "2011.03.06"]
[Round "9.7"]
[White "Geffert, Michal"]
[Black "Holeksa, Milos"]
[Result "1-0"]
[WhiteElo "1931"]
[BlackElo "2099"]
[PlyCount "136"]
[EventDate "2010.10.17"]
[EventType "team-tourn"]
[EventRounds "11"]
[EventCountry "CZE"]
[SourceTitle "EXT 2012"]
[Source "ChessBase"]
[SourceDate "2011.11.24"]
[SourceVersion "1"]
[SourceVersionDate "2011.11.24"]
[SourceQuality "1"]
[WhiteTeam "Senov"]
[BlackTeam "Havirov"]
[WhiteTeamCountry "CZE"]
[BlackTeamCountry "CZE"]

1. e4 e5 2. Nf3 Nc6 3. Bb5 a6 4. Ba4 d6 5. c3 Bd7 6. d4 Nge7 7. 0-0 Ng6 8. g3 Be7 9. h4 h5 10. Nbd2 Bf6 11. d5 Nb8 12. Bxd7+ Nxd7 13. Re1 Ne7 14. Nf1 g6 15. Be3 0-0 16. N1h2 Kg7 17. Rc1 b6 18. Qd2 Rh8 19. c4 a5 20. b3 Ng8 21. a3 Nh6 22. b4 axb4 23. axb4 Be7 24. Ra1 Nf6 25. Bg5 Rxa1 26. Bxf6+ Bxf6 27. Rxa1 Ng4 28. Ra7 Nxh2 29. Kxh2 Qd7 30. Qe3 Rb8 31. Kg2 Qc8 32. c5 bxc5 33. bxc5 Rb5 34. c6 Qb8 35. Qa3 Rb4 36. Nd2 Rd4 37. Qa5 Qd8 38. Kf1 Bxh4 39. Nf3 Rxe4 40. Nxh4 Qf6 41. Qxc7 Rd4 42. Qe7 Rxd5 43. Rd7 Qxe7 44. Rxe7 Rc5 45. Rc7 Rc2 46. Nf3 Kf6 47. Rc8 Ke7 48. Rc7+ Ke6 49. Ng5+ Kd5 50. Nxf7 Rxc6 51. Rxc6 Kxc6 52. Nh8 g5 53. Nf7 g4 54. Nh6 Kd5 55. Nf5 Ke6 56. Ne3 Kf6 57. Ke2 Kg5 58. Ng2 d5 59. Kd3 Kf6 60. Nh4 Ke6 61. Kc3 Kd6 62. Kb4 Ke6 63. Kc5 d4 64. Kc4 Kd6 65. Kd3 Kd5 66. Ng2 e4+ 67. Kd2 Ke5 68. Nf4 Kf5 1-0

[Event "CZE-chT2F 1011"]
[Site "Czech Republic"]
[Date "2010.12.05"]
[Round "4.8"]
[White "Axman, Oldrich"]
[Black "Geffert, Michal"]
[Result "1/2-1/2"]
[WhiteElo "1873"]
[BlackElo "1931"]
[PlyCount "61"]
[EventDate "2010.10.17"]
[EventType "team-tourn"]
[EventRounds "11"]
[EventCountry "CZE"]
[SourceTitle "EXT 2012"]
[Source "ChessBase"]
[SourceDate "2011.11.24"]
[SourceVersion "1"]
[SourceVersionDate "2011.11.24"]
[SourceQuality "1"]
[WhiteTeam "Unicov"]
[BlackTeam "Senov"]
[WhiteTeamCountry "CZE"]
[BlackTeamCountry "CZE"]

1. e4 e6 2. d4 d5 3. Nd2 Nf6 4. exd5 exd5 5. Ngf3 Bd6 6. Bd3 0-0 7. 0-0 Nc6 8. c3 Bg4 9. h3 Bh5 10. Re1 Re8 11. Be2 Bg6 12. Nf1 Ne4 13. Be3 Ne7 14. Qc1 Nf5 15. Bf4 c6 16. Ne5 Bxe5 17. Bxe5 Qb6 18. Bg3 Nfxg3 19. Nxg3 Nxg3 20. fxg3 Re7 21. Qd2 Rae8 22. b4 Qc7 23. Kf2 a5 24. a3 Be4 25. Bf3 f5 26. Qf4 Qxf4 27. gxf4 b5 28. Bxe4 Rxe4 29. Rxe4 fxe4 30. Ke3 a4 31. g4 1/2-1/2

[Event "Havirov op 11th"]
[Site "Havirov"]
[Date "2010.08.26"]
[Round "6"]
[White "Baier, Pavel"]
[Black "Geffert, Michal"]
[Result "1-0"]
[WhiteElo "2134"]
[BlackElo "1969"]
[PlyCount "65"]
[EventDate "2010.08.21"]
[EventType "swiss"]
[EventRounds "9"]
[EventCountry "CZE"]
[SourceTitle "CBM 138 Extra"]
[Source "ChessBase"]
[SourceDate "2010.10.29"]
[SourceVersion "1"]
[SourceVersionDate "2010.10.29"]
[SourceQuality "1"]

1. d4 Nf6 2. c4 c5 3. d5 d6 4. Nc3 g6 5. e4 Bg7 6. f4 0-0 7. Nf3 e6 8. Be2 exd5 9. cxd5 Re8 10. e5 dxe5 11. Nxe5 Nfd7 12. Nxd7 Bxd7 13. 0-0 a6 14. a4 h5 15. Bf3 Bf5 16. Qb3 b6 17. Bd2 Qd6 18. Rfe1 Nd7 19. Qc4 Nf6 20. Rxe8+ Nxe8 21. Be3 Qf6 22. Qf1 Qd6 23. Qc4 Nc7 24. a5 Re8 25. Bf2 Bf8 26. axb6 Qxb6 27. Rd1 Nb5 28. Na4 Qa5 29. Nxc5 Bxc5 30. Qxc5 Qa2 31. d6 Qxb2 32. d7 Rd8 33. Qe7 1-0

[Event "Karvina op"]
[Site "Karvina"]
[Date "2010.07.09"]
[Round "7"]
[White "Geffert, Michal"]
[Black "Tyburec, Zdenek"]
[Result "1-0"]
[WhiteElo "1965"]
[BlackElo "1755"]
[PlyCount "109"]
[EventDate "2010.07.03"]
[EventType "swiss"]
[EventRounds "9"]
[EventCountry "CZE"]
[SourceTitle "EXT 2011"]
[Source "ChessBase"]
[SourceDate "2010.11.26"]
[SourceVersion "1"]
[SourceVersionDate "2010.11.26"]
[SourceQuality "1"]

1. e4 e6 2. d4 d6 3. Nc3 b6 4. f4 g6 5. Nf3 Bg7 6. Bd3 Ne7 7. 0-0 0-0 8. Be3 Bh6 9. Qd2 Bg7 10. Ne2 a5 11. Ng3 Bb7 12. f5 e5 13. dxe5 dxe5 14. Bh6 Nd7 15. Bxg7 Kxg7 16. Qc3 f6 17. Rad1 c6 18. Bc4 Qc7 19. h4 Rad8 20. h5 g5 21. Qe3 h6 22. a4 Nc5 23. b3 Nc8 24. Be6 Ne7 25. Bc4 Rd6 26. Be2 Rfd8 27. Rxd6 Rxd6 28. Rd1 Rxd1+ 29. Bxd1 Qd6 30. Qd2 Qc7 31. c3 b5 32. Qe3 Qd6 33. Kh2 b4 34. cxb4 axb4 35. Be2 Bc8 36. Nd2 Qd4 37. Qxd4 exd4 38. Bc4 Ba6 39. Bxa6 Nxa6 40. Ne2 c5 41. Nc1 Nc6 42. Nd3 Kf7 43. Kg3 Ke7 44. Kf3 Ne5+ 45. Nxe5 fxe5 46. Ke2 Kf6 47. Kd3 Ke7 48. Kc4 Kd6 49. Kb5 Nc7+ 50. Kb6 Na8+ 51. Kb7 Nc7 52. Nc4+ Kd7 53. Nxe5+ Kd8 54. Kc6 Ne8 55. Kxc5 1-0

[Event "Orlova op 6th"]
[Site "Orlova"]
[Date "2009.05.27"]
[Round "6"]
[White "Geffert, Michal"]
[Black "Adam, Gyorgy"]
[Result "0-1"]
[WhiteElo "1979"]
[BlackElo "2067"]
[PlyCount "41"]
[EventDate "2009.05.23"]
[EventType "swiss"]
[EventRounds "9"]
[EventCountry "CZE"]
[SourceTitle "EXT 2012"]
[Source "ChessBase"]
[SourceDate "2011.11.24"]
[SourceVersion "1"]
[SourceVersionDate "2011.11.24"]
[SourceQuality "1"]

1. e4 c5 2. Nf3 Nc6 3. d4 cxd4 4. Nxd4 Nf6 5. Nc3 g6 6. Be2 Bg7 7. Be3 0-0 8. 0-0 d5 9. Nxc6 bxc6 10. e5 Nd7 11. f4 f5 12. Nxd5 Nxe5 13. Nb4 a5 14. Qxd8 Rxd8 15. fxe5 axb4 16. Bc5 Bxe5 17. Bxe7 Rd2 18. Bc4+ Kg7 19. Rad1 Rxc2 20. Bb3 Rxb2 21. Rd8 0-1

[Event "Orlova op 6th"]
[Site "Orlova"]
[Date "2009.05.25"]
[Round "4"]
[White "Geffert, Michal"]
[Black "Hrtanek, Jiri"]
[Result "1/2-1/2"]
[WhiteElo "1979"]
[BlackElo "2154"]
[PlyCount "50"]
[EventDate "2009.05.23"]
[EventType "swiss"]
[EventRounds "9"]
[EventCountry "CZE"]
[SourceTitle "EXT 2012"]
[Source "ChessBase"]
[SourceDate "2011.11.24"]
[SourceVersion "1"]
[SourceVersionDate "2011.11.24"]
[SourceQuality "1"]

1. e4 c5 2. Nf3 Nc6 3. d4 cxd4 4. Nxd4 e5 5. Nb5 d6 6. c4 Be7 7. N1c3 a6 8. Na3 f5 9. Bd3 f4 10. Nc2 Nf6 11. b4 0-0 12. a4 Be6 13. Nd5 Bxd5 14. cxd5 Nb8 15. g3 f3 16. Ne3 g6 17. Bd2 Nbd7 18. Rc1 Rc8 19. Rxc8 Qxc8 20. Qc1 Qb8 21. Qb2 Rc8 22. 0-0 Nb6 23. a5 Nbd7 24. Rc1 Bd8 25. Rxc8 Qxc8 1/2-1/2

[Event "Karvina op"]
[Site "Karvina"]
[Date "2006.07.??"]
[Round "6"]
[White "Geffert, Michal"]
[Black "Pazdziora, Michal"]
[Result "0-1"]
[WhiteElo "2017"]
[BlackElo "2151"]
[PlyCount "62"]
[EventDate "2006.07.??"]
[EventType "swiss"]
[EventRounds "7"]
[EventCountry "CZE"]
[SourceTitle "EXT 2008"]
[Source "ChessBase"]
[SourceDate "2007.11.25"]
[SourceVersion "1"]
[SourceVersionDate "2007.11.25"]
[SourceQuality "1"]

1. e4 c5 2. Nf3 e6 3. d4 cxd4 4. Nxd4 a6 5. Bd3 Qc7 6. 0-0 Nf6 7. c4 b6 8. Qe2 d6 9. Nc3 Be7 10. f4 Bb7 11. Be3 Nbd7 12. Nb3 Rc8 13. Rac1 Qb8 14. Bd4 Nc5 15. Nxc5 dxc5 16. Be3 e5 17. Nd5 Bd8 18. fxe5 Qxe5 19. Rf5 Qe6 20. Bg5 Nd7 21. Nf4 Qd6 22. Bxd8 Rxd8 23. e5 Qd4+ 24. Kh1 g6 25. Rxf7 Kxf7 26. e6+ Kg7 27. Rf1 Rdf8 28. exd7 Rxf4 29. Qe7+ Kh6 30. Rxf4 Qxf4 31. h4 Qg3 0-1

[Event "Karvina op"]
[Site "Karvina"]
[Date "2006.07.??"]
[Round "5"]
[White "Stehlik, Jiri"]
[Black "Geffert, Michal"]
[Result "1/2-1/2"]
[WhiteElo "2134"]
[BlackElo "2017"]
[PlyCount "72"]
[EventDate "2006.07.??"]
[EventType "swiss"]
[EventRounds "7"]
[EventCountry "CZE"]
[SourceTitle "EXT 2008"]
[Source "ChessBase"]
[SourceDate "2007.11.25"]
[SourceVersion "1"]
[SourceVersionDate "2007.11.25"]
[SourceQuality "1"]

1. d4 Nf6 2. Nf3 e6 3. g3 b5 4. Bg2 Bb7 5. 0-0 Be7 6. c3 0-0 7. Qd3 a6 8. Nbd2 d6 9. e4 Nbd7 10. e5 dxe5 11. dxe5 Nd5 12. Ne4 h6 13. h4 c5 14. b3 Qc7 15. c4 Nb4 16. Qe2 Nc6 17. Bf4 bxc4 18. Qxc4 Nb6 19. Qe2 Nd5 20. Rac1 Nxf4 21. gxf4 Qb6 22. h5 a5 23. Qe3 Rfd8 24. Nxc5 Bxc5 25. Qxc5 Qxc5 26. Rxc5 Nd4 27. Nxd4 Bxg2 28. Kxg2 Rxd4 29. Kg3 a4 30. Rc3 axb3 31. axb3 Rb8 32. Rfc1 Rdb4 33. Rc8+ Rxc8 34. Rxc8+ Kh7 35. Rc3 g6 36. hxg6+ Kxg6 1/2-1/2

[Event "Orlova op 3rd"]
[Site "Orlova"]
[Date "2006.??.??"]
[Round "2"]
[White "Geffert, Michal"]
[Black "Lubczynski, Rafal"]
[Result "0-1"]
[WhiteElo "2095"]
[BlackElo "2368"]
[PlyCount "48"]
[EventDate "2006.06.??"]
[EventType "swiss"]
[EventRounds "9"]
[EventCountry "CZE"]
[SourceTitle "EXT 2008"]
[Source "ChessBase"]
[SourceDate "2007.11.25"]
[SourceVersion "1"]
[SourceVersionDate "2007.11.25"]
[SourceQuality "1"]

1. e4 d6 2. d4 Nf6 3. Nc3 e5 4. dxe5 dxe5 5. Qxd8+ Kxd8 6. Nf3 Bd6 7. Bg5 Be6 8. 0-0-0 Ke7 9. Nd5+ Bxd5 10. Rxd5 Nbd7 11. Rd1 Nc5 12. Bd3 c6 13. c3 Rhd8 14. Bc2 b5 15. a3 a5 16. b4 axb4 17. axb4 Ne6 18. Bxf6+ Kxf6 19. g3 c5 20. bxc5 Bxc5 21. Rxd8 Rxd8 22. Nd2 Ba3+ 23. Kd1 b4 24. Ke2 bxc3 0-1

[Event "Orlova op 3rd"]
[Site "Orlova"]
[Date "2006.??.??"]
[Round "3"]
[White "Macek, Petr"]
[Black "Geffert, Michal"]
[Result "0-1"]
[WhiteElo "1836"]
[BlackElo "2095"]
[PlyCount "62"]
[EventDate "2006.06.??"]
[EventType "swiss"]
[EventRounds "9"]
[EventCountry "CZE"]
[SourceTitle "EXT 2008"]
[Source "ChessBase"]
[SourceDate "2007.11.25"]
[SourceVersion "1"]
[SourceVersionDate "2007.11.25"]
[SourceQuality "1"]

1. e4 e6 2. d4 d5 3. e5 c5 4. c3 Nc6 5. Nf3 Qb6 6. Bd3 cxd4 7. cxd4 Bd7 8. Bc2 Nb4 9. Ba4 Nd3+ 10. Qxd3 Bxa4 11. Nc3 Bd7 12. 0-0 Bb4 13. Rd1 Rc8 14. Bd2 Nh6 15. Rac1 0-0 16. Ng5 Nf5 17. Ne2 h6 18. Bxb4 Qxb4 19. Nf3 Bb5 20. Qd2 Qxd2 21. Rxd2 Bxe2 22. Rxc8 Rxc8 23. Rxe2 Rc1+ 24. Re1 Rxe1+ 25. Nxe1 Nxd4 26. f3 f6 27. Nd3 Kf7 28. Kf2 Nc6 29. exf6 gxf6 30. Ke3 Ne5 31. Nf4 Nc4+ 0-1

[Event "CZE-chT2f 0506"]
[Site "Czech Republic"]
[Date "2005.12.18"]
[Round "5.7"]
[White "Walowy, Bohumir"]
[Black "Geffert, Michal"]
[Result "1/2-1/2"]
[WhiteElo "2114"]
[BlackElo "2095"]
[PlyCount "79"]
[EventDate "2005.10.16"]
[EventType "team"]
[EventRounds "11"]
[EventCountry "CZE"]
[SourceTitle "EXT 2009"]
[Source "ChessBase"]
[SourceDate "2008.11.26"]
[SourceVersion "1"]
[SourceVersionDate "2008.11.26"]
[SourceQuality "1"]

1. e4 e6 2. d4 d5 3. Nc3 Bb4 4. a3 Bxc3+ 5. bxc3 dxe4 6. Qg4 Nf6 7. Qxg7 Rg8 8. Qh6 c5 9. Ne2 Nc6 10. dxc5 Rg6 11. Qe3 e5 12. Ng3 Qa5 13. Bd2 Ng4 14. Qxe4 Qxc5 15. Qe2 f5 16. f3 Nf6 17. Qf2 Qxf2+ 18. Kxf2 f4 19. Ne4 Nxe4+ 20. fxe4 Be6 21. Be2 0-0-0 22. Rad1 Na5 23. Bc1 Rdg8 24. Rhg1 Kc7 25. g3 fxg3+ 26. Rxg3 Rxg3 27. hxg3 Bg4 28. Bxg4 Rxg4 29. Rd5 Nc6 30. Kf3 Rg6 31. g4 Re6 32. Rd1 Na5 33. Rh1 Re7 34. Rh5 Nc4 35. Rf5 Nd6 36. Rf6 Rf7 37. Rxf7+ Nxf7 38. g5 Kd7 39. Kg4 Ke6 40. Kh5 1/2-1/2

[Event "Karvina op"]
[Site "Karvina"]
[Date "2005.07.06"]
[Round "5"]
[White "Geffert, Michal"]
[Black "Kubos, Rostislav"]
[Result "0-1"]
[WhiteElo "2093"]
[BlackElo "2243"]
[PlyCount "43"]
[EventDate "2005.07.02"]
[EventType "swiss"]
[EventRounds "9"]
[EventCountry "CZE"]
[SourceTitle "CBM 107 Extra"]
[Source "ChessBase"]
[SourceDate "2005.09.01"]
[SourceVersion "1"]
[SourceVersionDate "2005.09.01"]
[SourceQuality "1"]

1. e4 c5 2. Nf3 Nc6 3. d4 cxd4 4. Nxd4 g6 5. Be2 Bg7 6. Be3 Nf6 7. Nc3 0-0 8. h4 d5 9. Nxc6 bxc6 10. exd5 Nxd5 11. Nxd5 cxd5 12. c3 Rb8 13. Qd2 Qc7 14. Rc1 Qb7 15. b3 d4 16. Bxd4 Qxg2 17. Rf1 Rd8 18. Qf4 e5 19. Bxe5 Bxe5 20. Qxe5 Bh3 21. Qf4 Re8 22. Rc2 0-1